<?xml version="1.0" encoding="UTF-8"?>
<marc:record xmlns:marc="http://www.loc.gov/MARC21/slim" type="Bibliographic">
   <marc:leader>00000pam a2200000 c 4500</marc:leader>
   <marc:controlfield tag="001">1059211858</marc:controlfield>
   <marc:controlfield tag="003">DE-101</marc:controlfield>
   <marc:controlfield tag="005">20171202021952.0</marc:controlfield>
   <marc:controlfield tag="007">tu</marc:controlfield>
   <marc:controlfield tag="008">141008s2015    gw ||||| |||| 00||||ger  </marc:controlfield>
   <marc:datafield ind1=" " ind2=" " tag="015">
      <marc:subfield code="a">15,A40</marc:subfield>
      <marc:subfield code="z">14,N42</marc:subfield>
      <marc:subfield code="2">dnb</marc:subfield>
   </marc:datafield>
   <marc:datafield ind1="7" ind2=" " tag="016">
      <marc:subfield code="2">DE-101</marc:subfield>
      <marc:subfield code="a">1059211858</marc:subfield>
   </marc:datafield>
   <marc:datafield ind1=" " ind2=" " tag="020">
      <marc:subfield code="a">9783570159903</marc:subfield>
      <marc:subfield code="c">Pp. : EUR 16.99 (DE), EUR 17.50 (AT), sfr 24.50 (freier Pr.)</marc:subfield>
      <marc:subfield code="9">978-3-570-15990-3</marc:subfield>
   </marc:datafield>
   <marc:datafield ind1=" " ind2=" " tag="020">
      <marc:subfield code="a">3570159906</marc:subfield>
      <marc:subfield code="9">3-570-15990-6</marc:subfield>
   </marc:datafield>
   <marc:datafield ind1="3" ind2=" " tag="024">
      <marc:subfield code="a">9783570159903</marc:subfield>
   </marc:datafield>
   <marc:datafield ind1=" " ind2=" " tag="035">
      <marc:subfield code="a">(DE-599)DNB1059211858</marc:subfield>
   </marc:datafield>
   <marc:datafield ind1=" " ind2=" " tag="035">
      <marc:subfield code="a">(OCoLC)893440389</marc:subfield>
   </marc:datafield>
   <marc:datafield ind1=" " ind2=" " tag="040">
      <marc:subfield code="a">1245</marc:subfield>
      <marc:subfield code="b">ger</marc:subfield>
      <marc:subfield code="c">DE-101</marc:subfield>
      <marc:subfield code="d">9999</marc:subfield>
   </marc:datafield>
   <marc:datafield ind1=" " ind2=" " tag="041">
      <marc:subfield code="a">ger</marc:subfield>
      <marc:subfield code="h">eng</marc:subfield>
   </marc:datafield>
   <marc:datafield ind1=" " ind2=" " tag="044">
      <marc:subfield code="c">XA-DE-BY</marc:subfield>
   </marc:datafield>
   <marc:datafield ind1="7" ind2="4" tag="082">
      <marc:subfield code="a">K</marc:subfield>
      <marc:subfield code="q">DE-101</marc:subfield>
      <marc:subfield code="2">23sdnb</marc:subfield>
   </marc:datafield>
   <marc:datafield ind1=" " ind2=" " tag="090">
      <marc:subfield code="a">b</marc:subfield>
   </marc:datafield>
   <marc:datafield ind1="1" ind2=" " tag="100">
      <marc:subfield code="0">(DE-588)1067753494</marc:subfield>
      <marc:subfield code="0">http://d-nb.info/gnd/1067753494</marc:subfield>
      <marc:subfield code="0">(DE-101)1067753494</marc:subfield>
      <marc:subfield code="a">Zail, Suzy</marc:subfield>
      <marc:subfield code="d">1966-</marc:subfield>
      <marc:subfield code="e">Verfasser</marc:subfield>
      <marc:subfield code="4">aut</marc:subfield>
   </marc:datafield>
   <marc:datafield ind1="0" ind2="0" tag="245">
      <marc:subfield code="a">&#x98;Der&#x9c; Klang der Hoffnung</marc:subfield>
      <marc:subfield code="b">die Geschichte einer unmöglichen Liebe</marc:subfield>
      <marc:subfield code="c">Suzy Zail. Aus dem Engl. von Petra Koob-Pawis</marc:subfield>
   </marc:datafield>
   <marc:datafield ind1=" " ind2=" " tag="250">
      <marc:subfield code="a">1. Aufl.</marc:subfield>
   </marc:datafield>
   <marc:datafield ind1=" " ind2=" " tag="259">
      <marc:subfield code="a">11</marc:subfield>
   </marc:datafield>
   <marc:datafield ind1=" " ind2="1" tag="264">
      <marc:subfield code="a">München</marc:subfield>
      <marc:subfield code="b">cbj</marc:subfield>
      <marc:subfield code="c">2015</marc:subfield>
   </marc:datafield>
   <marc:datafield ind1=" " ind2=" " tag="300">
      <marc:subfield code="a">283 S.</marc:subfield>
      <marc:subfield code="c">22 cm</marc:subfield>
   </marc:datafield>
   <marc:datafield ind1=" " ind2=" " tag="336">
      <marc:subfield code="a">Text</marc:subfield>
      <marc:subfield code="b">txt</marc:subfield>
      <marc:subfield code="2">rdacontent</marc:subfield>
   </marc:datafield>
   <marc:datafield ind1=" " ind2=" " tag="337">
      <marc:subfield code="a">ohne Hilfsmittel zu benutzen</marc:subfield>
      <marc:subfield code="b">n</marc:subfield>
      <marc:subfield code="2">rdamedia</marc:subfield>
   </marc:datafield>
   <marc:datafield ind1=" " ind2=" " tag="338">
      <marc:subfield code="a">Band</marc:subfield>
      <marc:subfield code="b">nc</marc:subfield>
      <marc:subfield code="2">rdacarrier</marc:subfield>
   </marc:datafield>
   <marc:datafield ind1=" " ind2=" " tag="385">
      <marc:subfield code="0">(DE-588)4028859-6</marc:subfield>
      <marc:subfield code="0">http://d-nb.info/gnd/4028859-6</marc:subfield>
      <marc:subfield code="0">(DE-101)040288595</marc:subfield>
      <marc:subfield code="a">Jugend</marc:subfield>
      <marc:subfield code="2">gnd</marc:subfield>
   </marc:datafield>
   <marc:datafield ind1=" " ind2=" " tag="520">
      <marc:subfield code="a">"Achtet aufeinander und kommt wohlbehalten wieder nach Hause." Das ist die letzte Bitte, die Hannas Vater an seine beiden Töchter und seine Frau richtet, als sie Mitte 1944 an der Rampe von Auschwitz voneinander getrennt werden. Für die 15-jährige Hanna, die als begabte Pianistin kurz vor der Aufnahme ins Konservatorium stand, sind diese Worte die letzte Verbindung zu ihrem alten Leben. Das und ihre Liebe zur Musik. Und diese Liebe bietet ihr nicht nur einen inneren Zufluchtsort, sondern auch die Chance zu überleben. Wird sie doch abkommandiert, regelmäßig im Haus des Kommandanten von Birknau aufzuspielen.</marc:subfield>
   </marc:datafield>
   <marc:datafield ind1="2" ind2="7" tag="610">
      <marc:subfield code="0">(DE-588)4011886-1</marc:subfield>
      <marc:subfield code="0">http://d-nb.info/gnd/4011886-1</marc:subfield>
      <marc:subfield code="0">(DE-101)04011886X</marc:subfield>
      <marc:subfield code="a">Konzentrationslager Auschwitz</marc:subfield>
      <marc:subfield code="b">Lager Birkenau</marc:subfield>
      <marc:subfield code="2">gnd</marc:subfield>
   </marc:datafield>
   <marc:datafield ind1="2" ind2="7" tag="610">
      <marc:subfield code="0">(DE-588)4011886-1</marc:subfield>
      <marc:subfield code="0">http://d-nb.info/gnd/4011886-1</marc:subfield>
      <marc:subfield code="0">(DE-101)04011886X</marc:subfield>
      <marc:subfield code="a">Konzentrationslager Auschwitz</marc:subfield>
      <marc:subfield code="b">Lager Birkenau</marc:subfield>
      <marc:subfield code="2">gnd</marc:subfield>
   </marc:datafield>
   <marc:datafield ind1=" " ind2="7" tag="648">
      <marc:subfield code="a">Geschichte 1944-1945</marc:subfield>
      <marc:subfield code="2">gnd</marc:subfield>
   </marc:datafield>
   <marc:datafield ind1=" " ind2="7" tag="648">
      <marc:subfield code="a">Geschichte 1944-1945</marc:subfield>
      <marc:subfield code="2">gnd</marc:subfield>
   </marc:datafield>
   <marc:datafield ind1=" " ind2="7" tag="650">
      <marc:subfield code="0">(DE-588)4286934-1</marc:subfield>
      <marc:subfield code="0">http://d-nb.info/gnd/4286934-1</marc:subfield>
      <marc:subfield code="0">(DE-101)04286934X</marc:subfield>
      <marc:subfield code="a">Jüdin</marc:subfield>
      <marc:subfield code="2">gnd</marc:subfield>
   </marc:datafield>
   <marc:datafield ind1=" " ind2="7" tag="650">
      <marc:subfield code="0">(DE-588)4189399-2</marc:subfield>
      <marc:subfield code="0">http://d-nb.info/gnd/4189399-2</marc:subfield>
      <marc:subfield code="0">(DE-101)041893999</marc:subfield>
      <marc:subfield code="a">Weibliche Jugend</marc:subfield>
      <marc:subfield code="2">gnd</marc:subfield>
   </marc:datafield>
   <marc:datafield ind1=" " ind2="7" tag="650">
      <marc:subfield code="0">(DE-588)4426550-5</marc:subfield>
      <marc:subfield code="0">http://d-nb.info/gnd/4426550-5</marc:subfield>
      <marc:subfield code="0">(DE-101)94878086X</marc:subfield>
      <marc:subfield code="a">Pianistin</marc:subfield>
      <marc:subfield code="2">gnd</marc:subfield>
   </marc:datafield>
   <marc:datafield ind1=" " ind2="7" tag="650">
      <marc:subfield code="0">(DE-588)4117273-5</marc:subfield>
      <marc:subfield code="0">http://d-nb.info/gnd/4117273-5</marc:subfield>
      <marc:subfield code="0">(DE-101)041172736</marc:subfield>
      <marc:subfield code="a">Überleben</marc:subfield>
      <marc:subfield code="2">gnd</marc:subfield>
   </marc:datafield>
   <marc:datafield ind1=" " ind2="7" tag="650">
      <marc:subfield code="0">(DE-588)4189399-2</marc:subfield>
      <marc:subfield code="0">http://d-nb.info/gnd/4189399-2</marc:subfield>
      <marc:subfield code="0">(DE-101)041893999</marc:subfield>
      <marc:subfield code="a">Weibliche Jugend</marc:subfield>
      <marc:subfield code="2">gnd</marc:subfield>
   </marc:datafield>
   <marc:datafield ind1=" " ind2="7" tag="650">
      <marc:subfield code="0">(DE-588)4437064-7</marc:subfield>
      <marc:subfield code="0">http://d-nb.info/gnd/4437064-7</marc:subfield>
      <marc:subfield code="0">(DE-101)949500089</marc:subfield>
      <marc:subfield code="a">Verbotene Liebe</marc:subfield>
      <marc:subfield code="2">gnd</marc:subfield>
   </marc:datafield>
   <marc:datafield ind1=" " ind2="7" tag="650">
      <marc:subfield code="0">(DE-588)4070334-4</marc:subfield>
      <marc:subfield code="0">http://d-nb.info/gnd/4070334-4</marc:subfield>
      <marc:subfield code="0">(DE-101)040703347</marc:subfield>
      <marc:subfield code="a">Deutsche</marc:subfield>
      <marc:subfield code="2">gnd</marc:subfield>
   </marc:datafield>
   <marc:datafield ind1=" " ind2="7" tag="650">
      <marc:subfield code="0">(DE-588)4176195-9</marc:subfield>
      <marc:subfield code="0">http://d-nb.info/gnd/4176195-9</marc:subfield>
      <marc:subfield code="0">(DE-101)041761952</marc:subfield>
      <marc:subfield code="a">Psychischer Konflikt</marc:subfield>
      <marc:subfield code="2">gnd</marc:subfield>
   </marc:datafield>
   <marc:datafield ind1=" " ind2=" " tag="653">
      <marc:subfield code="a">(Produktform)Hardback</marc:subfield>
   </marc:datafield>
   <marc:datafield ind1=" " ind2=" " tag="653">
      <marc:subfield code="a">(Lesealter)ab 12 Jahre bis 99 Jahre</marc:subfield>
   </marc:datafield>
   <marc:datafield ind1=" " ind2=" " tag="653">
      <marc:subfield code="a">(Produktform (spezifisch))With dust jacket</marc:subfield>
   </marc:datafield>
   <marc:datafield ind1=" " ind2=" " tag="653">
      <marc:subfield code="a">Holocaust, Auschwitz-Birkenau, Verbotene Liebe, Pianistin, Befreiung, Zweiter Weltkrieg, Shoah, Markus Zusak, Die Bücherdiebin, Roman</marc:subfield>
   </marc:datafield>
   <marc:datafield ind1=" " ind2=" " tag="653">
      <marc:subfield code="a">(VLB-WN)1260: Hardcover, Softcover / Kinder- und Jugendbücher/Jugendbücher ab 12 Jahre</marc:subfield>
   </marc:datafield>
   <marc:datafield ind1=" " ind2=" " tag="653">
      <marc:subfield code="a">(BISAC Subject Heading)JUV000000</marc:subfield>
   </marc:datafield>
   <marc:datafield ind1=" " ind2=" " tag="653">
      <marc:subfield code="a">(Produktgruppe)7244: Jugendbuch</marc:subfield>
   </marc:datafield>
   <marc:datafield ind1=" " ind2="7" tag="655">
      <marc:subfield code="0">(DE-588)4306252-0</marc:subfield>
      <marc:subfield code="0">http://d-nb.info/gnd/4306252-0</marc:subfield>
      <marc:subfield code="0">(DE-101)043062520</marc:subfield>
      <marc:subfield code="a">Jugendbuch</marc:subfield>
      <marc:subfield code="2">gnd-content</marc:subfield>
   </marc:datafield>
   <marc:datafield ind1=" " ind2="7" tag="655">
      <marc:subfield code="a">Jugendbuch</marc:subfield>
      <marc:subfield code="2">gnd</marc:subfield>
   </marc:datafield>
   <marc:datafield ind1=" " ind2="7" tag="655">
      <marc:subfield code="a">Jugendbuch</marc:subfield>
      <marc:subfield code="2">gnd</marc:subfield>
   </marc:datafield>
   <marc:datafield ind1=" " ind2="7" tag="655">
      <marc:subfield code="0">(DE-101)101071841X</marc:subfield>
      <marc:subfield code="a">Jugendbücher ab 12 Jahre</marc:subfield>
      <marc:subfield code="2">gatbeg</marc:subfield>
   </marc:datafield>
   <marc:datafield ind1="0" ind2="0" tag="689">
      <marc:subfield code="0">(DE-588)4011886-1</marc:subfield>
      <marc:subfield code="0">http://d-nb.info/gnd/4011886-1</marc:subfield>
      <marc:subfield code="0">(DE-101)04011886X</marc:subfield>
      <marc:subfield code="D">b</marc:subfield>
      <marc:subfield code="a">Konzentrationslager Auschwitz</marc:subfield>
      <marc:subfield code="b">Lager Birkenau</marc:subfield>
   </marc:datafield>
   <marc:datafield ind1="0" ind2="1" tag="689">
      <marc:subfield code="0">(DE-588)4286934-1</marc:subfield>
      <marc:subfield code="0">http://d-nb.info/gnd/4286934-1</marc:subfield>
      <marc:subfield code="0">(DE-101)04286934X</marc:subfield>
      <marc:subfield code="D">s</marc:subfield>
      <marc:subfield code="a">Jüdin</marc:subfield>
   </marc:datafield>
   <marc:datafield ind1="0" ind2="2" tag="689">
      <marc:subfield code="0">(DE-588)4189399-2</marc:subfield>
      <marc:subfield code="0">http://d-nb.info/gnd/4189399-2</marc:subfield>
      <marc:subfield code="0">(DE-101)041893999</marc:subfield>
      <marc:subfield code="D">s</marc:subfield>
      <marc:subfield code="a">Weibliche Jugend</marc:subfield>
   </marc:datafield>
   <marc:datafield ind1="0" ind2="3" tag="689">
      <marc:subfield code="0">(DE-588)4426550-5</marc:subfield>
      <marc:subfield code="0">http://d-nb.info/gnd/4426550-5</marc:subfield>
      <marc:subfield code="0">(DE-101)94878086X</marc:subfield>
      <marc:subfield code="D">s</marc:subfield>
      <marc:subfield code="a">Pianistin</marc:subfield>
   </marc:datafield>
   <marc:datafield ind1="0" ind2="4" tag="689">
      <marc:subfield code="0">(DE-588)4117273-5</marc:subfield>
      <marc:subfield code="0">http://d-nb.info/gnd/4117273-5</marc:subfield>
      <marc:subfield code="0">(DE-101)041172736</marc:subfield>
      <marc:subfield code="D">s</marc:subfield>
      <marc:subfield code="a">Überleben</marc:subfield>
   </marc:datafield>
   <marc:datafield ind1="0" ind2="5" tag="689">
      <marc:subfield code="A">z</marc:subfield>
      <marc:subfield code="a">Geschichte 1944-1945</marc:subfield>
   </marc:datafield>
   <marc:datafield ind1="0" ind2="6" tag="689">
      <marc:subfield code="A">f</marc:subfield>
      <marc:subfield code="a">Jugendbuch</marc:subfield>
   </marc:datafield>
   <marc:datafield ind1="0" ind2=" " tag="689">
      <marc:subfield code="5">DE-101</marc:subfield>
      <marc:subfield code="5">DE-101</marc:subfield>
   </marc:datafield>
   <marc:datafield ind1="1" ind2="0" tag="689">
      <marc:subfield code="0">(DE-588)4011886-1</marc:subfield>
      <marc:subfield code="0">http://d-nb.info/gnd/4011886-1</marc:subfield>
      <marc:subfield code="0">(DE-101)04011886X</marc:subfield>
      <marc:subfield code="D">b</marc:subfield>
      <marc:subfield code="a">Konzentrationslager Auschwitz</marc:subfield>
      <marc:subfield code="b">Lager Birkenau</marc:subfield>
   </marc:datafield>
   <marc:datafield ind1="1" ind2="1" tag="689">
      <marc:subfield code="0">(DE-588)4189399-2</marc:subfield>
      <marc:subfield code="0">http://d-nb.info/gnd/4189399-2</marc:subfield>
      <marc:subfield code="0">(DE-101)041893999</marc:subfield>
      <marc:subfield code="D">s</marc:subfield>
      <marc:subfield code="a">Weibliche Jugend</marc:subfield>
   </marc:datafield>
   <marc:datafield ind1="1" ind2="2" tag="689">
      <marc:subfield code="0">(DE-588)4437064-7</marc:subfield>
      <marc:subfield code="0">http://d-nb.info/gnd/4437064-7</marc:subfield>
      <marc:subfield code="0">(DE-101)949500089</marc:subfield>
      <marc:subfield code="D">s</marc:subfield>
      <marc:subfield code="a">Verbotene Liebe</marc:subfield>
   </marc:datafield>
   <marc:datafield ind1="1" ind2="3" tag="689">
      <marc:subfield code="0">(DE-588)4070334-4</marc:subfield>
      <marc:subfield code="0">http://d-nb.info/gnd/4070334-4</marc:subfield>
      <marc:subfield code="0">(DE-101)040703347</marc:subfield>
      <marc:subfield code="D">s</marc:subfield>
      <marc:subfield code="a">Deutsche</marc:subfield>
   </marc:datafield>
   <marc:datafield ind1="1" ind2="4" tag="689">
      <marc:subfield code="0">(DE-588)4176195-9</marc:subfield>
      <marc:subfield code="0">http://d-nb.info/gnd/4176195-9</marc:subfield>
      <marc:subfield code="0">(DE-101)041761952</marc:subfield>
      <marc:subfield code="D">s</marc:subfield>
      <marc:subfield code="a">Psychischer Konflikt</marc:subfield>
   </marc:datafield>
   <marc:datafield ind1="1" ind2="5" tag="689">
      <marc:subfield code="A">z</marc:subfield>
      <marc:subfield code="a">Geschichte 1944-1945</marc:subfield>
   </marc:datafield>
   <marc:datafield ind1="1" ind2="6" tag="689">
      <marc:subfield code="A">f</marc:subfield>
      <marc:subfield code="a">Jugendbuch</marc:subfield>
   </marc:datafield>
   <marc:datafield ind1="1" ind2=" " tag="689">
      <marc:subfield code="5">DE-101</marc:subfield>
      <marc:subfield code="5">DE-101</marc:subfield>
   </marc:datafield>
   <marc:datafield ind1="1" ind2=" " tag="700">
      <marc:subfield code="0">(DE-588)137127553</marc:subfield>
      <marc:subfield code="0">http://d-nb.info/gnd/137127553</marc:subfield>
      <marc:subfield code="0">(DE-101)137127553</marc:subfield>
      <marc:subfield code="a">Koob-Pawis, Petra</marc:subfield>
      <marc:subfield code="d">1961-</marc:subfield>
      <marc:subfield code="e">Übersetzer</marc:subfield>
      <marc:subfield code="4">trl</marc:subfield>
   </marc:datafield>
   <marc:datafield ind1="1" ind2="2" tag="700">
      <marc:subfield code="a">Zail, Suzy</marc:subfield>
      <marc:subfield code="d">1966-</marc:subfield>
      <marc:subfield code="t">&#x98;The&#x9c; wrong boy</marc:subfield>
      <marc:subfield code="g">dt.</marc:subfield>
   </marc:datafield>
   <marc:datafield ind1="0" ind2="8" tag="776">
      <marc:subfield code="i">Online-Ausg.</marc:subfield>
      <marc:subfield code="a">Zail, Suzy, 1966-</marc:subfield>
      <marc:subfield code="t">&#x98;Der&#x9c; Klang der Hoffnung</marc:subfield>
      <marc:subfield code="d">München : cbj, 2015</marc:subfield>
      <marc:subfield code="h">Online-Ressource</marc:subfield>
      <marc:subfield code="w">(DE-101)1067048871</marc:subfield>
   </marc:datafield>
   <marc:datafield ind1=" " ind2=" " tag="850">
      <marc:subfield code="a">DE-101a</marc:subfield>
      <marc:subfield code="a">DE-101b</marc:subfield>
   </marc:datafield>
   <marc:datafield ind1="4" ind2="2" tag="856">
      <marc:subfield code="m">X:MVB</marc:subfield>
      <marc:subfield code="q">text/html</marc:subfield>
      <marc:subfield code="u">http://deposit.dnb.de/cgi-bin/dokserv?id=4795859&amp;prov=M&amp;dok_var=1&amp;dok_ext=htm</marc:subfield>
      <marc:subfield code="3">Inhaltstext</marc:subfield>
   </marc:datafield>
   <marc:datafield ind1="r" ind2=" " tag="925">
      <marc:subfield code="a">ra</marc:subfield>
   </marc:datafield>
</marc:record>
